Personagens Jogáveis de Ultimate Mortal Kombat 3 - Statistics

Estatísticas Gerais
  • Esse quiz foi jogado 53 vezes
  • A pontuação média é 18 de 27
Estatísticas das Respostas
Personagens % Correto
Scorpion
95%
Sub Zero (Bi-Han)
95%
Sub Zero (Kuai Liang)
95%
Kitana
88%
Liu Kang
88%
Mileena
78%
Kung Lao
73%
Rain
73%
Reptile
73%
Ermac
68%
Jade
68%
Sonya Blade
68%
Noob Saibot
66%
Cyber Smoke
63%
Cyrax
63%
Sektor
63%
Sindel
63%
Smoke
63%
Kano
59%
Shang Tsung
59%
Sheeva
56%
Kabal
51%
Motaro
51%
Jax Briggs
49%
Nightwolf
49%
Shao Kahn
49%
Stryker
44%
Nenhum quiz correspondente encontrado
Distribuição das Pontuações
Porcentagem de Pessoas com Cada Pontuação
Percentil de Números Respondidos
Sua Pontuação Histórica
Você não jogou esse quiz